000 00521nam a22001697a 4500
005 20251108173308.0
008 250721s9999 xx 000 0 ara d
082 1 4 _a617.96/أسد
100 1 _aالأسدي، طارق كاظم
245 1 0 _aالتخدير القواعد و المواد الأساسية /
264 1 _aعمان :
_bدار البيت العتيق الأسلامية،
300 _a144ص.
650 1 7 _aالتخدير
650 1 7 _aمواد التخدير
942 _2ddc
_cBK
999 _c100600
_d100600